České tance. pro mužský sbor / Řada 3, seš. 1

Hlavní autor: Palla, Hynek, 1837-1896
Jazyk: Čeština
Vydáno: V Praze : Fr. A. Urbánek a synové, [1900?]
Vydání: 2. vyd.
Edice: Dalibor - mužské sbory (Urbánek)
Fyzický popis: 1 partitura (11 s.)
Hudebniny Hudebniny
Uloženo v:
LEADER 01033ncm a22002772a 4500
001 001192462
003 CZ BrMZK
005 20131107142308.0
007 qu
008 120202s1900 xr |||||||||||||||||cze d
040 |a BOA001  |b cze 
072 7 |a 784  |x Vokální hudba  |2 Konspekt  |9 9 
100 1 |a Palla, Hynek,  |d 1837-1896  |7 jk01091599  |4 cmp 
245 1 0 |a České tance.  |n Řada 3, seš. 1  |h [hudebnina] :  |b pro mužský sbor /  |c Hynek Palla 
250 |a 2. vyd. 
260 |a V Praze :  |b Fr. A. Urbánek a synové,  |c [1900?] 
300 |a 1 partitura (11 s.) 
490 1 |a Dalibor. Sbírka čtverozpěvů pro mužské hlasy  |v seš. 40 
500 |a Bez průvodu 
505 0 0 |t Motovidlo --  |t Kukavá 
830 0 |a Dalibor - mužské sbory (Urbánek) 
910 |a BOA001  |b Mus4-0294.310,3/1 
990 |a MU 
991 |b 201202 
996 6 |b 2619462963  |c Mus4-0294.310,3/1  |l MZK  |r Sklad / do 1 hodiny  |n 0  |w 001225927  |u 000010  |a 1  |e BOA001  |j MZK50  |s P 
996 6 |b 2619462964  |c Mus4-0294.310,3/1  |l MZK  |r Sklad / do 1 hodiny  |n 0  |w 001225927  |u 000020  |a 1  |e BOA001  |j MZK50  |s P